Analýza návštevnosti v základných kultúrnych zariadeniach SSR v 7. päťročnici záverečná práca postgraduálneho štúdia

Gespeichert in:
Bibliographische Detailangaben
1. Verfasser: Lapšanská, Marta
Körperschaft: Vysoká škola ekonomická v Bratislave
Weitere Verfasser: Svierčik, Tibor
Format: Buch
Sprache:Slowakisch
Veröffentlicht: Bratislava 1987
Tags: Tag hinzufügen
Keine Tags, Fügen Sie das erste Tag hinzu!

MARC

LEADER 00000nam a2200000 4500
001 c030851
005 20221219094246.1
041 0 |a slo 
044 |a SK 
245 1 0 |a Analýza návštevnosti v základných kultúrnych zariadeniach SSR v 7. päťročnici  |b záverečná práca postgraduálneho štúdia  |c Marta Lapšanská ; Ved. práce Tibor Svierčik 
264 1 |a Bratislava  |c 1987 
300 |a 41 s. 
100 1 |a Lapšanská, Marta 
700 1 |a Svierčik, Tibor 
710 2 |a Vysoká škola ekonomická v Bratislave